000 00834cam a2200277 4500
001 M1034
008 090401t1990 xxu||||| |||| 00| 0 eng d
035 _a(Sirsi) u29531
041 _aeng
050 _a333.0061
100 _aHolder, Norma
245 _aTechnical education: a Caribbean perspective.
250 _a1
260 _c1990
300 _a42p. ; 30cm.
350 _a0
520 _aPaper given at:- RICS/CASLE 1990 Joint Conference: Surveying 2000, which is catalogued separately in the library.
650 _aCARIBBEAN
650 _aCASLE
650 _aCAREERS, EDUCATION AND TRAINING
690 _aOVERSEAS-REST OF THE WORLD
710 _aCommonwealth Association of Surveying and Land Economy
_92570
710 _aRoyal Institution of Chartered Surveyors
_94900
942 _n0
948 _c04/03/1997
999 _c89433
_d89433